| 000 | 00841cab a2200265 4500 | ||
|---|---|---|---|
| 001 | ABS56597 | ||
| 008 | 090401t1997 xxu||||| |||| 00| 0 eng d | ||
| 035 | _a(Sirsi) u24762 | ||
| 041 | _aeng | ||
| 100 | _aWhite, G. | ||
| 245 | _aHammering out who pays up and when | ||
| 260 | _c1997 | ||
| 350 | _a0 | ||
| 490 |
_aProperty Week _v58(7) 21 February 1997, 22-23(2) |
||
| 520 | _aExamines the issues which arise on enforcing repair obligations and the impact this may have on the negotiation of the lease. From both the landlord`s and tenant`s point of view. | ||
| 650 | _aBREACH OF COVENANT | ||
| 650 | _aENFORCEMENT | ||
| 650 | _aJERVIS V HARRIS | ||
| 650 | _aREPAIRING OBLIGATIONS | ||
| 650 | _aTRESPASS | ||
| 690 | _aLANDLORD AND TENANT-BUSINESS TENANCIES | ||
| 700 | _aLangdon, M. | ||
| 942 | _n0 | ||
| 948 | _c04/03/1997 | ||
| 999 |
_c16614 _d16614 |
||